ՀՀ Գիտությունների ազգային ակադեմիայի հիմնարար գիտական գրադարան  =   Fundamental Scientific Library of NAS RA

Теория и практика радиополяриметрии : (Record no. 65510)

MARC details
000 -LEADER
fixed length control field 01047-am-a2200217-a-4500
001 - CONTROL NUMBER
control field 000188933
003 - CONTROL NUMBER IDENTIFIER
control field AM-YeHGA
005 - DATE AND TIME OF LATEST TRANSACTION
control field 20250617123752.0
008 - FIXED-LENGTH DATA ELEMENTS--GENERAL INFORMATION
fixed length control field 990622s1976 xxu 000 0 rus u
020 ## - INTERNATIONAL STANDARD BOOK NUMBER
Terms of availability 0.27
040 ## - CATALOGING SOURCE
Original cataloging agency AM-YeHGA
090 ## - LOCALLY ASSIGNED LC-TYPE CALL NUMBER (OCLC); LOCAL CALL NUMBER (RLIN)
-- 66633
245 00 - TITLE STATEMENT
Title Теория и практика радиополяриметрии :
Remainder of title Конспект лекций /
Statement of responsibility, etc. Сост. К.Л. Афанасьев и др. ; М-во высш. и сред. спец. образования РСФСР, ТРТИ им. В.Д. Калмыкова.
260 ## - PUBLICATION, DISTRIBUTION, ETC.
Place of publication, distribution, etc. Таганрог :
Name of publisher, distributor, etc. Изд-во ТРТИ,
Date of publication, distribution, etc. 1976.
300 ## - PHYSICAL DESCRIPTION
Extent 43 с. :
Other physical details ил. 8.
504 ## - BIBLIOGRAPHY, ETC. NOTE
Bibliography, etc. note Библиогр. 5 назв.
650 14 - SUBJECT ADDED ENTRY--TOPICAL TERM
Topical term or geographic name entry element Радиополяриметрия
700 1# - ADDED ENTRY--PERSONAL NAME
Personal name Афанасьев, К.Л.
Relator term сост.
Relationship com
710 2# - ADDED ENTRY--CORPORATE NAME
Corporate name or jurisdiction name as entry element Министерство высшего и среднего специального образования РСФСР
710 2# - ADDED ENTRY--CORPORATE NAME
Corporate name or jurisdiction name as entry element Таганрогский радиотехнический институт им. В.Д. Калмыкова
Holdings
Withdrawn status Lost status Damaged status Not for loan Collection Home library Current library Date acquired Total checkouts Full call number Barcode Date last seen Price effective from Koha item type Public note
        General Fundamental Scientific Library Fundamental Scientific Library 22/12/2016   РII/396653 FL0401178 22/12/2016 22/12/2016 Գրքեր / Books 30 Days Loan


ՀՀ ԳԱԱ հիմնարար գիտական գրադարան
ՀՀ,Երևան 0019
Մարշալ Բաղրամյան 24/6
հեռախոս:(374-10) 52-47-50
Հետադարձ կապ

All site content, except where otherwise noted, is licensed under a
Creative Commons License